[Event "SUI-ch Rapid"]
[Site "Biel"]
[Date "2023.07.30"]
[Round "8"]
[White "Angst, Robin"]
[Black "Gaehwiler, Gabriel"]
[Result "1/2-1/2"]
[WhiteElo "2215"]
[BlackElo "2381"]
[PlyCount "90"]
[EventDate "2023.07.30"]
[EventType "swiss (rapid)"]
[EventRounds "9"]
[EventCountry "SUI"]
[SourceTitle "CBM 215 Extra"]
[Source "ChessBase"]
[SourceDate "2023.09.30"]
[SourceVersion "1"]
[SourceVersionDate "2023.09.30"]
[SourceQuality "1"]

1. e4 e5 2. Nc3 Nf6 3. Bc4 Bc5 4. d3 d6 5. f4 Nc6 6. Nf3 Be6 7. Bxe6 fxe6 8. Na4 exf4 9. Nxc5 dxc5 10. Bxf4 0-0 11. Bg5 Qd6 12. Qe2 Ng4 13. 0-0-0 Nge5 14. Be3 Nd4 15. Bxd4 cxd4 16. Rdf1 Rf4 17. Nxe5 Qxe5 18. g3 Rxf1+ 19. Rxf1 Rf8 20. Rxf8+ Kxf8 21. Qf3+ Ke7 22. Kd1 Qf6 23. Qf4 e5 24. Qxf6+ Kxf6 25. h4 Kg6 26. g4 Kf6 27. Ke2 Ke6 28. Kf2 Kd6 29. Ke2 Kc5 30. Kd2 Kd6 31. Ke2 a5 32. a3 b5 33. b3 a4 34. bxa4 bxa4 35. Kd2 c5 36. Ke2 Kc6 37. Kf3 Kd6 38. Kg3 Ke6 39. Kf3 Kf6 40. Kg3 Kf7 41. Kf3 Kf6 42. g5+ Ke6 43. Kg4 g6 44. Kg3 Kd6 45. Kg4 Ke6 1/2-1/2

[Event "SUI-ch 113th"]
[Site "Graechen"]
[Date "2013.07.17"]
[Round "7"]
[White "Angst, Robin"]
[Black "Hugentobler, Patrick"]
[Result "0-1"]
[WhiteElo "2007"]
[BlackElo "2238"]
[PlyCount "122"]
[EventDate "2013.07.11"]
[EventType "swiss"]
[EventRounds "9"]
[EventCountry "SUI"]
[SourceTitle "CBM 155 Extra"]
[Source "ChessBase"]
[SourceDate "2013.08.26"]
[SourceVersion "1"]
[SourceVersionDate "2013.08.26"]
[SourceQuality "1"]

1. e4 Nf6 2. e5 Nd5 3. d4 d6 4. Nf3 Bg4 5. Be2 c6 6. 0-0 Bxf3 7. Bxf3 dxe5 8. dxe5 e6 9. c4 Ne7 10. Qxd8+ Kxd8 11. Be4 Nd7 12. Rd1 Ke8 13. f4 Nf5 14. Nc3 Bc5+ 15. Kf1 Ne3+ 16. Bxe3 Bxe3 17. g3 g5 18. Ke2 gxf4 19. Rf1 Bd4 20. gxf4 Nc5 21. Bc2 Rg8 22. Kf3 Bxc3 23. bxc3 Rd8 24. Rad1 Ke7 25. Rd4 Rg7 26. Rxd8 Kxd8 27. Rf2 Ke7 28. Ke3 h6 29. Ke2 Rg1 30. Rf1 Rxf1 31. Kxf1 Nd7 32. Ke2 f6 33. exf6+ Nxf6 34. Kd3 c5 35. Bd1 Ne8 36. Bg4 Kf6 37. Bh3 Nd6 38. Bg4 e5 39. fxe5+ Kxe5 40. Bd7 Kf4 41. Be6 b6 42. Bd5 Nf5 43. Be6 Ne3 44. h3 Nf1 45. Bd7 Ng3 46. Bc6 Nh5 47. Bd7 Nf6 48. Be6 h5 49. Kc2 h4 50. Kb3 Ne4 51. Bd5 Ke3 52. Kc2 Ng5 53. Kb3 Nxh3 54. Ka4 Nf2 55. Be6 Ne4 56. Kb5 Nxc3+ 57. Ka6 Nxa2 58. Kxa7 Kd4 59. Kxb6 Nc3 60. Kc6 Ne4 61. Kd7 Nf2 0-1

[Event "SUI-ch 113th"]
[Site "Graechen"]
[Date "2013.07.15"]
[Round "5"]
[White "Carron, Julien"]
[Black "Angst, Robin"]
[Result "1-0"]
[WhiteElo "2369"]
[BlackElo "2007"]
[PlyCount "129"]
[EventDate "2013.07.11"]
[EventType "swiss"]
[EventRounds "9"]
[EventCountry "SUI"]
[SourceTitle "CBM 155 Extra"]
[Source "ChessBase"]
[SourceDate "2013.08.26"]
[SourceVersion "1"]
[SourceVersionDate "2013.08.26"]
[SourceQuality "1"]

1. d4 d5 2. Nf3 Nf6 3. c4 e6 4. g3 Bb4+ 5. Bd2 a5 6. Bg2 dxc4 7. 0-0 0-0 8. Bg5 Nbd7 9. Qc2 h6 10. Bxf6 Nxf6 11. Qxc4 b6 12. Ne5 Ba6 13. Qc2 Nd5 14. Nc3 Bxc3 15. bxc3 Rc8 16. c4 Ne7 17. Rfd1 c6 18. e3 Qc7 19. c5 b5 20. Bf1 Ra8 21. a3 Nd5 22. e4 Nf6 23. f4 Nd7 24. Nf3 Nf6 25. Bd3 Rfd8 26. Qe2 Bc8 27. Bc2 Nh7 28. Bb3 Nf6 29. Ne5 Ba6 30. Qf3 b4 31. a4 Rf8 32. Kh1 Rad8 33. Ra2 Nd7 34. Ng4 Rfe8 35. e5 Nf8 36. Nf2 Ng6 37. Ne4 Rf8 38. Nd6 Ne7 39. g4 Nd5 40. Re1 Qe7 41. Rg2 f6 42. Qe4 fxe5 43. Bc2 Nf6 44. Qxe5 Ne8 45. Qe4 Nf6 46. Qg6 b3 47. Bb1 Rxd6 48. cxd6 Qe8 49. g5 Qxg6 50. Bxg6 hxg5 51. fxg5 Nd7 52. Be4 c5 53. dxc5 Nxc5 54. Bc6 Nd3 55. Rb1 Ne5 56. Be4 Bc4 57. Rd2 Rb8 58. Kg2 Kf8 59. Kg3 Ke8 60. Kf4 Nf7 61. Bg6 e5+ 62. Ke4 Kd7 63. Bxf7 Bxf7 64. Kxe5 Rb4 65. Rd4 1-0

[Event "World ol U16 09th"]
[Site "Burdur"]
[Date "2010.12.03"]
[Round "9"]
[White "Gladstone, Simon"]
[Black "Angst, Robin"]
[Result "1-0"]
[WhiteElo "1944"]
[BlackElo "2005"]
[PlyCount "59"]
[EventDate "2010.11.27"]
[EventType "team-swiss"]
[EventRounds "10"]
[EventCountry "TUR"]
[SourceTitle "CBM 139 Extra"]
[Source "ChessBase"]
[SourceDate "2011.01.05"]
[SourceVersion "1"]
[SourceVersionDate "2011.01.05"]
[SourceQuality "1"]
[WhiteTeam "Canada"]
[BlackTeam "Switzerland"]
[WhiteTeamCountry "CAN"]
[BlackTeamCountry "SUI"]

1. e4 e5 2. Nf3 d6 3. d4 exd4 4. Qxd4 Nf6 5. Nc3 Be7 6. b3 0-0 7. Bb2 Nc6 8. Qd2 Re8 9. 0-0-0 Bg4 10. h3 Bh5 11. g4 Bg6 12. Bd3 h5 13. g5 Nd7 14. Rhg1 Nc5 15. Nh4 Bf8 16. Nxg6 fxg6 17. Bc4+ Kh7 18. f4 Qd7 19. Qd5 Qe6 20. Qxe6 Nxe6 21. f5 Ned8 22. Nd5 Rxe4 23. Nf6+ gxf6 24. fxg6+ Kxg6 25. gxf6+ Kh6 26. Bd3 Re6 27. Rg6+ Kh7 28. Rdg1 Nb4 29. Rg7+ Kh8 30. Rh7# 1-0

[Event "World ol U16 09th"]
[Site "Burdur"]
[Date "2010.11.28"]
[Round "2"]
[White "Ulyanovskyy, Vladimir Viktorovic"]
[Black "Angst, Robin"]
[Result "1-0"]
[WhiteElo "2024"]
[BlackElo "2005"]
[PlyCount "152"]
[EventDate "2010.11.27"]
[EventType "team-swiss"]
[EventRounds "10"]
[EventCountry "TUR"]
[SourceTitle "CBM 139 Extra"]
[Source "ChessBase"]
[SourceDate "2011.01.05"]
[SourceVersion "1"]
[SourceVersionDate "2011.01.05"]
[SourceQuality "1"]
[WhiteTeam "Portugal"]
[BlackTeam "Switzerland"]
[WhiteTeamCountry "POR"]
[BlackTeamCountry "SUI"]

1. e4 e5 2. Nf3 d6 3. d4 exd4 4. Nxd4 Nf6 5. Nc3 Be7 6. Bc4 0-0 7. 0-0 Nxe4 8. Nxe4 d5 9. Bd3 dxe4 10. Bxe4 Nd7 11. Nf5 Nf6 12. Nxe7+ Qxe7 13. Bd3 Bg4 14. Qe1 Qd6 15. f3 Bh5 16. Qf2 Bg6 17. Rd1 Qc6 18. Be3 Rfe8 19. Bd4 Re7 20. Bxg6 hxg6 21. Rd2 Rae8 22. b3 Nd5 23. g3 Nc3 24. Bxc3 Qxc3 25. Rad1 Kh7 26. g4 g5 27. h4 Re3 28. Kg2 Qf6 29. Rh1 gxh4 30. Rxh4+ Kg8 31. Rh1 Qf4 32. Rhd1 Qf6 33. Rd8 Rxd8 34. Rxd8+ Qxd8 35. Qxe3 b6 36. Kf2 Qd5 37. Ke2 Kf8 38. Qf4 Qc6 39. c4 a5 40. Qd4 Qe6+ 41. Kd2 Qh6+ 42. Kc2 Qg6+ 43. Kc3 Ke7 44. Qe5+ Kd8 45. Qd5+ Ke7 46. Kd4 c5+ 47. Ke3 Qe6+ 48. Qxe6+ Kxe6 49. Ke4 g6 50. Kf4 Kf6 51. g5+ Ke6 52. Ke4 Kd6 53. f4 Ke6 54. f5+ Kd6 55. a3 gxf5+ 56. Kxf5 Kd7 57. Ke5 Ke7 58. Kf5 Kf8 59. Kf6 Ke8 60. Kf5 Ke7 61. Ke5 Kd7 62. Kd5 Kc7 63. Ke4 Kd7 64. Kf5 Ke7 65. Kg4 Ke6 66. Kf4 Kd6 67. Kf5 Kd7 68. Kf6 Ke8 69. g6 fxg6 70. Kxg6 Ke7 71. Kf5 a4 72. bxa4 Kf7 73. Ke5 Ke7 74. Kd5 Kd7 75. a5 bxa5 76. Kxc5 Kc7 1-0

[Event "SUI-ch U14"]
[Site "Winterthur"]
[Date "2007.10.08"]
[Round "6"]
[White "Angst, Robin"]
[Black "Zarri, Florian"]
[Result "0-1"]
[WhiteElo "1737"]
[BlackElo "1888"]
[PlyCount "52"]
[EventDate "2007.10.05"]
[EventType "swiss"]
[EventRounds "7"]
[EventCountry "SUI"]
[SourceTitle "EXT 2009"]
[Source "ChessBase"]
[SourceDate "2008.11.26"]
[SourceVersion "1"]
[SourceVersionDate "2008.11.26"]
[SourceQuality "1"]

1. e4 e5 2. Nf3 Nc6 3. Bc4 Bc5 4. c3 Nf6 5. d4 exd4 6. cxd4 Bb4+ 7. Nc3 Nxe4 8. 0-0 Bxc3 9. d5 Bf6 10. Re1 Ne7 11. Rxe4 d6 12. Bg5 Bxg5 13. Nxg5 0-0 14. Nxh7 Kxh7 15. Qh5+ Kg8 16. Rh4 f5 17. Qh7+ Kf7 18. Rh6 Rg8 19. Re1 Kf8 20. Rh3 Kf7 21. Rh6 Bd7 22. Be2 Kf8 23. Bh5 Nxd5 24. Be8 Bxe8 25. Qxf5+ Nf6 26. Re6 Bf7 0-1

[Event "SUI-ch U14"]
[Site "Winterthur"]
[Date "2007.10.07"]
[Round "5"]
[White "Angst, Robin"]
[Black "Muheim, Sebastian"]
[Result "0-1"]
[WhiteElo "1737"]
[BlackElo "1918"]
[PlyCount "78"]
[EventDate "2007.10.05"]
[EventType "swiss"]
[EventRounds "7"]
[EventCountry "SUI"]
[SourceTitle "EXT 2009"]
[Source "ChessBase"]
[SourceDate "2008.11.26"]
[SourceVersion "1"]
[SourceVersionDate "2008.11.26"]
[SourceQuality "1"]

1. e4 c5 2. Nc3 d6 3. f4 g6 4. Nf3 Bg7 5. Bc4 e6 6. 0-0 Nc6 7. d3 Nge7 8. Qe1 0-0 9. Qh4 Na5 10. Bb3 Nxb3 11. axb3 Nc6 12. Qg3 Nd4 13. Nxd4 cxd4 14. Ne2 Qc7 15. c4 dxc3 16. d4 cxb2 17. Bxb2 Qc2 18. Qe3 f5 19. exf5 Qxb2 20. Qd3 e5 21. Rfb1 Qxb1+ 22. Rxb1 Bxf5 23. Qc4+ Kh8 24. Re1 d5 25. Qb4 a5 26. Qd2 e4 27. Rc1 Rac8 28. Nc3 Rfe8 29. Qe3 b5 30. Ra1 a4 31. bxa4 b4 32. Nb5 Rc4 33. Rd1 Bg4 34. Rd2 Bd7 35. Nd6 Rc1+ 36. Kf2 Rf8 37. Rb2 Rc3 38. Qe1 Bxd4+ 39. Kf1 Rxf4+ 0-1

[Event "SUI-ch U14"]
[Site "Winterthur"]
[Date "2007.10.05"]
[Round "1"]
[White "Angst, Robin"]
[Black "De Seroux, Camille"]
[Result "1-0"]
[WhiteElo "1737"]
[BlackElo "1903"]
[PlyCount "57"]
[EventDate "2007.10.05"]
[EventType "swiss"]
[EventRounds "7"]
[EventCountry "SUI"]
[SourceTitle "EXT 2009"]
[Source "ChessBase"]
[SourceDate "2008.11.26"]
[SourceVersion "1"]
[SourceVersionDate "2008.11.26"]
[SourceQuality "1"]

1. e4 c5 2. Nc3 d6 3. f4 Nc6 4. Nf3 g6 5. Bc4 Bg7 6. 0-0 e6 7. d3 Nge7 8. Qe1 a6 9. a4 Rb8 10. Qh4 Nd4 11. Nxd4 Bxd4+ 12. Kh1 Bd7 13. Bb3 b5 14. axb5 axb5 15. f5 exf5 16. Bg5 h6 17. Bf6 Bxf6 18. Qxf6 0-0 19. Qxd6 Rc8 20. Ra7 Be6 21. Qxd8 Rfxd8 22. Bxe6 fxe6 23. Rxe7 b4 24. Na4 fxe4 25. dxe4 Rc6 26. h3 Rd2 27. Rf6 Rxc2 28. Rxg6+ Kf8 29. Rexe6 1-0